Formas de los Países de América del Sur - Estadísticas

Estadísticas generales
  • Esta prueba ha sido intentada 29 veces
  • La puntuación promedio es 10 de 12
Estadísticas de respuestas
Imagen Respuesta % Correcto
Argentina
100%
Brasil
96%
Chile
96%
Perú
96%
Paraguay
88%
Bolivia
81%
Colombia
81%
Uruguay
81%
Venezuela
81%
Ecuador
77%
Guyana
77%
Surinam
73%
No se encontraron pruebas coincidentes
Distribución de puntuación
Porcentaje de gente con cada puntuación
Porcentaje por número respondido
Historial de tus puntuaciones
No has intentado esta prueba.